Book of business quotations

Salvato in:
Dettagli Bibliografici
Altri autori: Ridgers, Bill
Natura: Libro
Lingua:inglese
Pubblicazione: London Profile Books/the Economist 2012
Soggetti:
Tags: Aggiungi Tag
Nessun Tag, puoi essere il primo ad aggiungerne!!

MARC

LEADER 00000nam a2200000 4500
001 0193088
005 20221207093349.0
020 |a 978-1-84668-593-4 
041 0 |a eng 
044 |a GB 
245 1 0 |a Book of business quotations  |c edited by Bill Ridgers 
264 1 |a London  |b Profile Books/the Economist  |c 2012 
300 |a xvi, 240 s. 
610 2 0 |a podnikanie 
610 2 0 |a ekonómia 
610 2 0 |a účtovníctvo 
610 2 0 |a bankovníctvo 
610 2 0 |a dane 
700 1 |a Ridgers, Bill